000 00615nam a22001937a 4500
005 20251108163347.0
008 250721s1987 xx 000 0 ara d
082 1 4 _a343.209565/نجم
100 1 _aنجم، محمد صبحي
245 1 0 _aالجرائم الواقعة على الأشخاص و الأموال في قانون العقوبات الأردني /
264 1 _aعمان :
_bد.ن،
_c1987.
300 _a624ص.
650 1 7 _aالقانون الجنائي
650 1 7 _aالعقوبات
650 1 7 _aالأردن
700 1 _aتوفيق، عبد الرحمن
942 _2ddc
_cBK
999 _c723
_d723